000 00612nam a2200193Ia 4500
005 20250326142158.0
008 250326s9999 xx 000 0 und d
020 _a0-684-85423-6
037 _aTextbook
040 _aFMSL
_beng
_cFMSL
041 _aeng
_2eng
084 _aX:513 N9
_qFMSL
100 _aSchmitt B H
_9745713
245 0 _aExperiential marketing : How to get customers to Sense, Feel, Think, Act and Relate to your company and brands
_cSchmitt B H
260 _aNew York
_bNew York, The Free Press
_c1999
300 _a280p
942 _cTB
_hX:513 N9
999 _c1293803
_d1293803